Online
Catalog

Lineamientos de políticas de desarrollo urbano para la ciudad de Moca / (Record no. 34183)

MARC details
000 -CABECERA
campo de control de longitud fija 01801nam a2200337 a 4500
001 - NÚMERO DE CONTROL
campo de control 000034692
005 - FECHA Y HORA DE LA ÚLTIMA TRANSACCIÓN
campo de control 20251120073733.0
008 - DATOS DE LONGITUD FIJA--INFORMACIÓN GENERAL
campo de control de longitud fija 100830s1998 dr ab 001 0 spa d
040 ## - FUENTE DE LA CATALOGACIÓN
Centro catalogador/agencia de origen DO-SdBNP
Lengua de catalogación spa
Centro/agencia transcriptor BNPHU
082 ## - NÚMERO DE LA CLASIFICACIÓN DECIMAL DEWEY
Número de clasificación 307.14
Número de documento/Ítem R426Li
110 1# - ENTRADA PRINCIPAL--NOMBRE DE ENTIDAD CORPORATIVA
Nombre de entidad corporativa o nombre de jurisdicción como elemento de entrada República Dominicana.
Unidad subordinada Presidencia de la República Dominicana.
-- Consejo Nacional de Asuntos Urbanos.
9 (RLIN) 43929
245 10 - MENCIÓN DE TÍTULO
Título Lineamientos de políticas de desarrollo urbano para la ciudad de Moca /
Mención de responsabilidad, etc. Rosa A. María de Rivas ... [et al.] ; prólogo Mercedes Sabater de Macarrulla.
246 14 - FORMA VARIANTE DE TÍTULO
Título propio/Titulo breve Moca :
Resto del título lineamientos de políticas de desarrollo urbano
260 ## - PUBLICACIÓN, DISTRIBUCIÓN, ETC.
Lugar de publicación, distribución, etc. Santiago de los Caballeros, República Dominicana :
Nombre del editor, distribuidor, etc. PUCMM :
-- Centro de Estudios Urbanos y Regionales,
Fecha de publicación, distribución, etc. 1998.
300 ## - DESCRIPCIÓN FÍSICA
Extensión 70 p. :
Otras características físicas il., mapas., retrs. ;
Dimensiones 27 cm.
504 ## - NOTA DE BIBLIOGRAFÍA, ETC.
Nota de bibliografía, etc. Incluye bibliografía y notas al pie de páginas.
504 ## - NOTA DE BIBLIOGRAFÍA, ETC.
Nota de bibliografía, etc. Incluye bibliografía: p.63-64.
590 ## - NOTA LOCAL (RLIN)
Nota local Inventariado,2018/DG
650 #4 - PUNTO DE ACCESO ADICIONAL DE MATERIA--TÉRMINO DE MATERIA
Término de materia o nombre geográfico como elemento de entrada Desarrollo de la comunidad urbana
Subdivisión geográfica Moca (República Dominicana{Rpara}
9 (RLIN) 60128
650 #4 - PUNTO DE ACCESO ADICIONAL DE MATERIA--TÉRMINO DE MATERIA
Término de materia o nombre geográfico como elemento de entrada Desarrollo urbano
Subdivisión geográfica Moca (República Dominicana{Rpara}
9 (RLIN) 60129
650 #4 - PUNTO DE ACCESO ADICIONAL DE MATERIA--TÉRMINO DE MATERIA
Término de materia o nombre geográfico como elemento de entrada Ciudades y pueblos
Subdivisión geográfica República Dominicana
9 (RLIN) 784
650 #4 - PUNTO DE ACCESO ADICIONAL DE MATERIA--TÉRMINO DE MATERIA
Término de materia o nombre geográfico como elemento de entrada Mejoramiento urbano
Subdivisión geográfica Moca (República Dominicana{Rpara}
9 (RLIN) 60130
650 #4 - PUNTO DE ACCESO ADICIONAL DE MATERIA--TÉRMINO DE MATERIA
Término de materia o nombre geográfico como elemento de entrada Estrategias para el desarrollo
Subdivisión geográfica Moca (República Dominicana{Rpara}
9 (RLIN) 60131
650 #4 - PUNTO DE ACCESO ADICIONAL DE MATERIA--TÉRMINO DE MATERIA
Término de materia o nombre geográfico como elemento de entrada Políticas de desarrollo
Subdivisión geográfica Moca (República Dominicana
9 (RLIN) 60132
651 #4 - PUNTO DE ACCESO ADICIONAL DE MATERIA--NOMBRE GEOGRÁFICO
Nombre geográfico Moca (República Dominicana{Rpara}
Subdivisión general Historia Local
9 (RLIN) 7056
700 1# - PUNTO DE ACCESO ADICIONAL--NOMBRE DE PERSONA
Nombre de persona Rivas , Rosa A. María de
9 (RLIN) 60133
700 1# - PUNTO DE ACCESO ADICIONAL--NOMBRE DE PERSONA
Nombre de persona Sabater Macarrulla, Mercedes
Término indicativo de función/relación pról.
9 (RLIN) 60126
710 1# - PUNTO DE ACCESO ADICIONAL--NOMBRE DE ENTIDAD CORPORATIVA
Nombre de entidad corporativa o nombre de jurisdicción como elemento de entrada República Dominicana.
Unidad subordinada Consejo Nacional de Asuntos Urbanos (CONAU)
9 (RLIN) 44076
710 2# - PUNTO DE ACCESO ADICIONAL--NOMBRE DE ENTIDAD CORPORATIVA
Nombre de entidad corporativa o nombre de jurisdicción como elemento de entrada Pontificia Universidad Católica Madre y Maestra
9 (RLIN) 843
910 ## - DATOS DE OPCIÓN DEL USUARIO (OCLC)
Datos de opción del usuario Validado. Control de calidad EMS.
Holdings
Estado de retiro Estado de pérdida No para préstamo Código de colección Localización permanente Ubicación/localización actual Ubicación en estantería Fecha de adquisición Número de inventario Total de préstamos Signatura topográfica completa Código de barras Fecha visto por última vez Precio válido a partir de Tipo de ítem Koha
    Excluido de préstamo Patrimonio Dominicano Patrimonio Dominicano Patrimonio Dominicano Depósito 18.10.2011 LF1   307.14 R426Li 34692-10 25.06.2020 25.06.2020 Libro y Folleto Colección Patrimonio Dominicano

Powered by Koha